Normal view
MARC view
- دمشق-اسرائيل-تاريخ
Entry Topical Term
001 - CONTROL NUMBER
- control field: 13033
003 - CONTROL NUMBER IDENTIFIER
- control field: JO-AjAnu
005 - DATE AND TIME OF LATEST TRANSACTION
- control field: 20230606072403.0
008 - FIXED-LENGTH DATA ELEMENTS
- fixed length control field: 230606|| aca||aabn | a|a d
040 ## - CATALOGING SOURCE
- Original cataloging agency: JO-AjAnu
- Transcribing agency: JO-AjAnu
150 ## - HEADING--TOPICAL TERM
- Topical term or geographic name entry element: دمشق-اسرائيل-تاريخ
670 ## - SOURCE DATA FOUND
- Source citation: Work cat.: (JO-AjAnu)6706: تاليف السواح، فراس, author 13032, آرام دمشق وإسرائيل في التاريخ والتاريخ التوراتي